[Event "Obi-Wan BENONI"]
[Site "SchemingMind.com"]
[Date "2005.11.01"]
[Round "-"]
[White "cnbcad"]
[Black "sythymesnos"]
[Result "0-1"]
[WhiteCountry "USA"]
[BlackCountry "FRA"]
[WhiteElo "1532"]
[WhiteRD "52"]
[BlackElo "1854"]
[BlackRD "71"]
[GameID "29117"]

1. d4 Nf6 2. c4 c5 3. d5 e6 4. Nc3 exd5 5. cxd5 d6 6. e4 a6 7. Nf3 Bg4 8. h3 Bxf3 9. Qxf3 g6 10. Bg5 Bg7
11. e5 dxe5 12. Rd1 O-O 13. Ne4 Nbd7 14. Nxf6+ Bxf6 15. Bxf6 Qxf6 16. Qxf6 Nxf6 17. Be2 Rad8 18. d6 Rd7 19. Bg4 Nxg4 20. hxg4 Rfd8
21. O-O Rxd6 22. Rxd6 Rxd6 23. g5 b5 24. Re1 Rd5 25. g3 Kf8 26. b3= Ke7 27. f4 Ke6 28. fxe5 Rxe5 29. Rd1 Rxg5 30. Kg2 h5
31. Re1+ Re5 32. Rd1 Re2+ 33. Kf3 Rxa2 34. Rd8 Rb2 35. Re8+ Kd7 36. Re5 Rxb3+ 37. Kg2 c4
0-1

[Event "Obi-Wan BENONI"]
[Site "SchemingMind.com"]
[Date "2005.11.01"]
[Round "-"]
[White "cnbcad"]
[Black "Gordon"]
[Result "0-1"]
[WhiteCountry "USA"]
[BlackCountry "ENG"]
[WhiteElo "1532"]
[WhiteRD "52"]
[BlackElo "2243"]
[BlackRD "65"]
[GameID "29118"]

1. d4 Nf6 2. c4 c5 3. d5 b5 4. cxb5 a6 5. bxa6 g6 6. Nc3 Bxa6 7. g3 Bg7 8. Bg2 d6 9. Nf3 Nbd7 10. O-O Nb6
11. Na4 Nbxd5 12. Bg5 O-O 13. Bxf6 Nxf6 14. Ng5 Bxe2 15. Qxe2 Rxa4 16. b3 Ra3 17. Rfd1 h6 18. Ne4 Nxe4 19. Bxe4 Bxa1 20. Rxa1 e6
21. Rd1 d5 22. Bb1 Qa5 23. Qe3 Kh7 24. h4 c4 25. h5 Qa7 26. hxg6+ fxg6 27. Qd2 cxb3 28. Qd3 Qxf2+ 29. Kh1 Rf5 30. g4 Qh4+
31. Kg2 Rf2+
0-1

[Event "Obi-Wan BENONI"]
[Site "SchemingMind.com"]
[Date "2005.11.01"]
[Round "-"]
[White "cnbcad"]
[Black "Aumonde"]
[Result "0-1"]
[WhiteCountry "USA"]
[BlackCountry "USA"]
[WhiteElo "1473"]
[WhiteRD "53"]
[BlackElo "2145"]
[BlackRD "64"]
[GameID "29119"]

1. d4 Nf6 2. c4 c5 3. d5 e5 4. Nc3 d6 5. e4 Be7 6. Nge2 Bg4 7. f3 Bd7 8. b3 Na6 9. Bg5 Nxe4 10. Bxe7 Nxc3
11. Nxc3 Qxe7 12. Bd3 O-O 13. O-O Nb4 14. Be4 f5 15. Bd3 e4 16. fxe4 Qe5 17. Qd2 Qd4+ 18. Kh1 Nxd3 19. Ne2 Nf2+ 20. Rxf2 Qxd2
21. Raf1 fxe4 22. Nf4 Rxf4 23. Rxf4 e3 24. Ra1 e2 25. Rf2 Qd1+
0-1

[Event "Obi-Wan BENONI"]
[Site "SchemingMind.com"]
[Date "2005.11.01"]
[Round "-"]
[White "cnbcad"]
[Black "Louis Lima"]
[Result "1/2-1/2"]
[WhiteCountry "USA"]
[BlackCountry "ESP"]
[WhiteElo "1473"]
[WhiteRD "53"]
[BlackElo "1717"]
[BlackRD "56"]
[GameID "29120"]

1. d4 Nf6 2. c4 c5 3. d5 e6 4. e4 Nxe4 5. Qe2 Qa5+ 6. Nd2 Nxd2 7. Bxd2 Qb6 8. Nf3 Qxb2 9. Qe5 Qxe5+ 10. Nxe5 d6
11. Nf3 exd5 12. cxd5 Be7 13. Be2 a6 14. a4 Bf6 15. Rd1 Bf5 16. O-O b6 17. Rfe1 O-O 18. Bf4 Rd8 19. Bd3 Bxd3 20. Rxd3 b5
21. a5 Kf8 22. Nd2 Ra7 23. Ne4 c4 24. Bxd6+ Be7 25. Bxe7+ Rxe7 26. Rdd1 Rde8 27. f3 f5 28. d6 Re6 29. d7 Nxd7 30. Rxd7 fxe4
31. fxe4 Rxe4 32. Rf1+ Kg8 33. Rff7 Re1+ 34. Kf2 R8e2+ 35. Kg3 Re3+ 36. Kh4 Re4+ 37. g4 c3 38. Rxg7+ Kh8 39. Rxh7+ Kg8 40. Rdg7+ Kf8
41. Rc7 Kg8 42. Rcg7+ Kf8 43. Rc7 Kg8 44. Rhg7+ Kh8= 45. Rgd7 b4 46. Rh7+=
1/2-1/2

[Event "Obi-Wan BENONI"]
[Site "SchemingMind.com"]
[Date "2005.11.01"]
[Round "-"]
[White "cnbcad"]
[Black "zledar"]
[Result "1-0"]
[WhiteCountry "USA"]
[BlackCountry "MEX"]
[WhiteElo "1448"]
[WhiteRD "55"]
[BlackElo "1107"]
[BlackRD "102"]
[GameID "29121"]

1. d4 Nf6 2. c4 c5 3. d5 e6 4. dxe6 dxe6 5. Qxd8+ Kxd8 6. Nf3 Be7 7. Bf4 Nc6 8. g3 Ne4 9. Bg2 Nd6 10. Bxd6 Bxd6
11. O-O Nd4 12. Nxd4 cxd4 13. Nd2 h5 14. Ne4 Be5 15. Ng5
1-0

[Event "Obi-Wan BENONI"]
[Site "SchemingMind.com"]
[Date "2005.11.01"]
[Round "-"]
[White "cnbcad"]
[Black "miguel12"]
[Result "1-0"]
[WhiteCountry "USA"]
[BlackCountry "USA"]
[WhiteElo "1448"]
[WhiteRD "55"]
[BlackElo "1580"]
[BlackRD "104"]
[GameID "29122"]

1. d4 Nf6 2. c4 c5 3. d5 b5 4. cxb5 a6 5. Nc3 axb5 6. Nxb5 Qa5+ 7. Nc3 Ba6 8. Bd2 Qb6 9. b3 g6 10. Nf3 d6
11. g3 Bg7 12. Bg2 Bb7 13. Ng5 O-O 14. Rb1 Na6 15. O-O Nb4 16. Be3 h6 17. Nge4 Nfxd5 18. Nxd5 Nxd5 19. b4 Nxb4 20. Qd2 Rxa2
21. Qxa2 Nxa2 22. Rxb6 Bxe4 23. Bxe4 Nc3 24. Bd3 Nd5 25. Rb7 Nxe3 26. fxe3 Rc8 27. Rxe7
1-0

[Event "Obi-Wan BENONI"]
[Site "SchemingMind.com"]
[Date "2005.11.01"]
[Round "-"]
[White "cnbcad"]
[Black "IvanXXIII"]
[Result "1-0"]
[WhiteCountry "USA"]
[BlackCountry "CRO"]
[WhiteElo "1305"]
[WhiteRD "51"]
[BlackElo "1557"]
[BlackRD "75"]
[GameID "29123"]

1. d4 Nf6 2. c4 c5 3. d5 e6 4. dxe6 fxe6 5. Nf3 Be7 6. Nc3 d5 7. e3 Nc6 8. Be2 O-O 9. b3 b6 10. O-O Bb7
11. Bb2 Na5 12. Ng5 Qd7 13. f4 h6 14. Nf3 dxc4 15. Bxc4 Qxd1 16. Raxd1 Nxc4 17. Ba1
1-0

[Event "Obi-Wan BENONI"]
[Site "SchemingMind.com"]
[Date "2005.11.01"]
[Round "-"]
[White "cnbcad"]
[Black "Katarrov"]
[Result "0-1"]
[WhiteCountry "USA"]
[BlackCountry "ESP"]
[WhiteElo "1473"]
[WhiteRD "53"]
[BlackElo "2093"]
[BlackRD "104"]
[GameID "29124"]

1. d4 Nf6 2. c4 c5 3. d5 e6 4. Nf3 exd5 5. cxd5 d6 6. Nc3 g6 7. Bg5 Bg7 8. e4 h6 9. Qd2 hxg5 10. Qxg5 Bh6
11. Qg3 Nh5 12. Qh4 Qxh4 13. Nxh4 Bg7 14. Be2 Bxc3+ 15. bxc3 Nf6 16. f3 Rxh4 17. g3 Rh8 18. O-O g5 19. g4 Nbd7 20. Bb5 a6
21. Ba4 b5 22. Bc2 Ne5 23. a3 Bd7 24. a4 b4 25. cxb4 cxb4 26. a5 Rc8 27. Bb3 Rc3 28. f4 Nfxg4 29. Bd1 Rxh2
0-1

[Event "Obi-Wan BENONI"]
[Site "SchemingMind.com"]
[Date "2005.11.01"]
[Round "-"]
[White "Gary"]
[Black "cnbcad"]
[Result "1-0"]
[WhiteCountry "ENG"]
[BlackCountry "USA"]
[WhiteElo "1498"]
[WhiteRD "55"]
[BlackElo "1305"]
[BlackRD "51"]
[GameID "29125"]

1. d4 Nf6 2. c4 c5 3. d5 e5 4. Nc3 d6 5. e4 Be7 6. f4 Nbd7 7. Nf3 O-O 8. Bd3 Re8 9. O-O Nf8 10. a3 a6
11. fxe5 N6d7 12. exd6 Bxd6 13. Re1 Ne5 14. Bf1 Bg4 15. Be2 Bxf3 16. Bxf3 Qh4 17. g3 Qf6 18. Rf1 Qe7 19. Be2 Nfg6 20. Be3 Rf8
21. Qa4 b5 22. cxb5
1-0

[Event "Obi-Wan BENONI"]
[Site "SchemingMind.com"]
[Date "2005.11.01"]
[Round "-"]
[White "sythymesnos"]
[Black "cnbcad"]
[Result "1-0"]
[WhiteCountry "FRA"]
[BlackCountry "USA"]
[WhiteElo "1854"]
[WhiteRD "71"]
[BlackElo "1532"]
[BlackRD "52"]
[GameID "29126"]

1. d4 Nf6 2. c4 c5 3. d5 b5 4. b3 b4 5. Bb2 g6 6. e4 Bg7 7. Bd3 e6 8. e5 Nh5 9. d6 Nc6 10. Nf3 O-O
11. O-O Nf4 12. Be4 Bb7 13. Qd2 Bh6 14. Kh1 Kg7 15. Bc1 Nd4 16. Bxb7 Rb8 17. Be4 Nxf3 18. Bxf3 Qg5 19. g3 Nh3 20. Qc2 Qxe5
21. Bb2
1-0

[Event "Obi-Wan BENONI"]
[Site "SchemingMind.com"]
[Date "2005.11.01"]
[Round "-"]
[White "Gordon"]
[Black "cnbcad"]
[Result "1-0"]
[WhiteCountry "ENG"]
[BlackCountry "USA"]
[WhiteElo "2243"]
[WhiteRD "65"]
[BlackElo "1532"]
[BlackRD "52"]
[GameID "29127"]

1. d4 Nf6 2. c4 c5 3. d5 e5 4. Nc3 b6 5. e4 d6 6. Bd3 Be7 7. f3 g6 8. Bh6 Nfd7 9. Qd2 Bf8 10. O-O-O Bxh6
11. Qxh6 Qf6 12. Nge2 Na6 13. Rdf1 Bb7 14. Nb5 O-O-O 15. Nxa7+ Kb8 16. Nb5 Nb4 17. Bb1 Ba6 18. a3 Bxb5 19. cxb5 Rc8 20. axb4 cxb4+
21. Kd2 Nc5 22. Ke1 Nb3 23. Kf2 Rc5 24. Qe3 Na5 25. Rc1 Nc4 26. Rxc4 Rxc4 27. Qxb6+ Kc8 28. Bd3 Rc7 29. Qa6+ Kd7 30. b6 Rcc8
31. Bb5+ Ke7 32. Qb7+
1-0

[Event "Obi-Wan BENONI"]
[Site "SchemingMind.com"]
[Date "2005.11.01"]
[Round "-"]
[White "Aumonde"]
[Black "cnbcad"]
[Result "1-0"]
[WhiteCountry "USA"]
[BlackCountry "USA"]
[WhiteElo "2145"]
[WhiteRD "64"]
[BlackElo "1473"]
[BlackRD "53"]
[GameID "29128"]

1. d4 Nf6 2. c4 c5 3. d5 e5 4. Nc3 d6 5. e4 Be7 6. g3 Nbd7 7. Nf3 O-O 8. Bg2 Nb6 9. b3 Nbd7 10. O-O Ng4
11. Nh4 Bxh4 12. Qxg4 Be7 13. Bh6 Bf6 14. Bd2 g6 15. Bh6 Bg7 16. Bxg7 Kxg7 17. Qe2 Qa5 18. Nb5 Qb6 19. Qd2 a6 20. Nc3 Nf6
21. f4 exf4 22. gxf4 Qc7 23. e5 Ng4 24. h3 Nh6 25. Ne4 Nf5 26. Rae1 Kg8 27. Qc3 Nd4 28. Nxd6 Bf5 29. b4 Nc2 30. Nxf5 Nxe1
31. d6 Qd7 32. Ne7+ Kg7 33. e6+
1-0

[Event "Obi-Wan BENONI"]
[Site "SchemingMind.com"]
[Date "2005.11.01"]
[Round "-"]
[White "Louis Lima"]
[Black "cnbcad"]
[Result "1-0"]
[WhiteCountry "ESP"]
[BlackCountry "USA"]
[WhiteElo "1717"]
[WhiteRD "56"]
[BlackElo "1473"]
[BlackRD "53"]
[GameID "29129"]

1. d4 Nf6 2. c4 c5 3. d5 e5 4. Nc3 d6 5. e4 Be7 6. f4 exf4 7. Bxf4 O-O 8. Nf3 Bg4 9. Bd3 Nbd7 10. O-O Ne5
11. Bxe5 Bxf3 12. gxf3 dxe5 13. f4 exf4 14. e5 Nd7 15. Rxf4 Nxe5 16. Bxh7+ Kxh7 17. Qh5+ Kg8 18. Qxe5 Bd6 19. Qf5 Bxf4 20. Qxf4 Qf6
21. Qxf6 gxf6 22. Ne4 b6 23. Nxf6+ Kg7 24. Rf1 Rh8 25. d6 Rad8 26. Ne4 Rhg8 27. Kh1 Kf8 28. h3 Rd7 29. Nf6 Rxd6 30. Nxg8 Kxg8
31. Rf2 Rd4 32. b3 Kg7 33. Kg2 Kg6 34. Kg3 f5 35. Rf4 Kf6 36. Rxd4 cxd4 37. Kf3 Ke5 38. h4 d3 39. Ke3 d2 40. Kxd2 f4
41. h5 Kf5 42. b4 Kg5 43. c5 bxc5 44. bxc5 f3 45. Ke1
1-0

[Event "Obi-Wan BENONI"]
[Site "SchemingMind.com"]
[Date "2005.11.04"]
[Round "-"]
[White "zledar"]
[Black "cnbcad"]
[Result "0-1"]
[WhiteCountry "MEX"]
[BlackCountry "USA"]
[WhiteElo "1107"]
[WhiteRD "102"]
[BlackElo "1448"]
[BlackRD "55"]
[GameID "29130"]

1. d4 Nf6 2. c4 c5 3. d5 b5 4. cxb5 Bb7 5. Nc3 a6 6. e4 axb5 7. Nxb5 Nxe4 8. Qe2 Bxd5 9. Nf3 e6 10. Qe3 Be7
11. Bd3 Qa5+ 12. Bd2 Nxd2 13. Nxd2 c4 14. Nd4 cxd3 15. O-O O-O
0-1

[Event "Obi-Wan BENONI"]
[Site "SchemingMind.com"]
[Date "2005.11.02"]
[Round "-"]
[White "miguel12"]
[Black "cnbcad"]
[Result "1-0"]
[WhiteCountry "USA"]
[BlackCountry "USA"]
[WhiteElo "1513"]
[WhiteRD "88"]
[BlackElo "1305"]
[BlackRD "51"]
[GameID "29131"]

1. d4 Nf6 2. c4 c5 3. d5 e5 4. Nc3 d6 5. e4 Be7 6. Bd3 Nbd7 7. Nge2 Ng4 8. h3 Nxf2 9. Kxf2 Bh4+ 10. g3 Qf6+
11. Kg2 Qg6 12. Kh2 Bg5 13. Bxg5 Qxg5 14. Nb5 O-O 15. Qc1 Qh5 16. Nxd6 Nf6 17. Nxc8 Raxc8 18. Qd1 Ng4+ 19. Kg1 Ne3 20. Qe1 f5
21. exf5 Nxf5 22. g4 Qg5 23. Qc1 Ne3 24. Ng3 Rf3 25. Nf5 Rf8 26. Nxe3 Rxe3 27. Bf5
1-0

[Event "Obi-Wan BENONI"]
[Site "SchemingMind.com"]
[Date "2005.11.01"]
[Round "-"]
[White "IvanXXIII"]
[Black "cnbcad"]
[Result "1-0"]
[WhiteCountry "CRO"]
[BlackCountry "USA"]
[WhiteElo "1908"]
[WhiteRD "98"]
[BlackElo "1473"]
[BlackRD "53"]
[GameID "29132"]

1. d4 Nf6 2. c4 c5 3. Nf3 cxd4 4. Nxd4 e5 5. Nb5 a6 6. Nd6+ Bxd6 7. Qxd6 Nc6 8. Nc3 Qe7 9. Qxe7+ Nxe7 10. e4 O-O
11. Bg5 Nc6 12. Bxf6 gxf6 13. Nd5 d6 14. Nxf6+ Kh8 15. Nd5 Nd4 16. Ne3 Be6 17. Bd3 Rac8 18. b3 b5 19. Rc1 b4 20. Nc2 Nxc2+
21. Rxc2 Rg8 22. g3 Bh3 23. Ke2 Rg4 24. Rhc1 Bg2 25. f3 Rg6 26. c5 dxc5 27. Rxc5 Rd8 28. Rc8 Rxc8 29. Rxc8+ Kg7 30. Ra8 Rf6
31. Re8 Bxf3+ 32. Ke3 Bg4 33. Rxe5 Rf3+ 34. Kd4 Rf2 35. Rg5+ Kf8 36. Rxg4 Rxh2 37. Bxa6 Rxa2 38. Bc4 Rh2 39. Rf4 Rh3 40. Rxf7+ Ke8
41. e5 h5 42. e6 Rxg3 43. Bb5+
1-0

[Event "Obi-Wan BENONI"]
[Site "SchemingMind.com"]
[Date "2005.11.01"]
[Round "-"]
[White "Katarrov"]
[Black "cnbcad"]
[Result "1-0"]
[WhiteCountry "ESP"]
[BlackCountry "USA"]
[WhiteElo "2001"]
[WhiteRD "122"]
[BlackElo "1532"]
[BlackRD "52"]
[GameID "29133"]

1. d4 Nf6 2. c4 c5 3. d5 e5 4. Nc3 d6 5. e4 Be7 6. Bd3 Nbd7 7. Nf3 O-O 8. h3 Ne8 9. g4 Bh4 10. g5 Bxf2+
11. Kxf2 f6 12. Kg2 fxg5 13. Bxg5 Ndf6 14. Qe2 h6 15. Be3 Nh5 16. Raf1 Nef6 17. Nh4 Nf4+ 18. Bxf4 exf4 19. Rxf4 Nh7 20. Rxf8+ Qxf8
21. e5 Bd7 22. Bxh7+ Kxh7 23. Qe4+ Kh8 24. Ng6+
1-0